| 000 -LEADER |
| fixed length control field |
01782cam a2200457 a 4500 |
| 001 - CONTROL NUMBER |
| control field |
3333823 |
| 003 - CONTROL NUMBER IDENTIFIER |
| control field |
OSt |
| 005 - DATE AND TIME OF LATEST TRANSACTION |
| control field |
20211101105926.0 |
| 006 - FIXED-LENGTH DATA ELEMENTS--ADDITIONAL MATERIAL CHARACTERISTICS |
| fixed length control field |
m d |
| 007 - PHYSICAL DESCRIPTION FIXED FIELD--GENERAL INFORMATION |
| fixed length control field |
cr un |||||||| |
| 008 - FIXED-LENGTH DATA ELEMENTS--GENERAL INFORMATION |
| fixed length control field |
020306s2002 nyua s 001 0 eng d |
| 020 ## - INTERNATIONAL STANDARD BOOK NUMBER |
| International Standard Book Number |
0071210598 |
| 035 ## - SYSTEM CONTROL NUMBER |
| System control number |
(OCoLC)403873618 |
| 035 ## - SYSTEM CONTROL NUMBER |
| System control number |
(OCoLC)ocn403873618 |
| 035 ## - SYSTEM CONTROL NUMBER |
| System control number |
(NyBiKC)475 |
| 035 ## - SYSTEM CONTROL NUMBER |
| System control number |
(NNC)3333823 |
| 038 ## - RECORD CONTENT LICENSOR |
| Staff Name |
khadija |
| 040 ## - CATALOGING SOURCE |
| Original cataloging agency |
NyBiKC |
| Transcribing agency |
NyBiKC |
| 050 14 - LIBRARY OF CONGRESS CALL NUMBER |
| Classification number |
TA407.2 |
| Item number |
.R6 2002eb |
| 082 ## - DEWEY DECIMAL CLASSIFICATION NUMBER |
| Classification number |
621.51 |
| Author Mark |
YOU |
| 100 1# - MAIN ENTRY--PERSONAL NAME |
| Personal name |
Young, Warren C. |
| Fuller form of name |
(Warren Clarence), |
| Dates associated with a name |
1923- |
| 9 (RLIN) |
83589 |
| 240 10 - UNIFORM TITLE |
| Uniform title |
Formulas for Stress and Strain |
| 245 10 - TITLE STATEMENT |
| Title |
Roark's Formulas for Stress and Strain / |
| Statement of responsibility, etc. |
Warren C. Young, Richard G. Budynas. |
| 250 ## - EDITION STATEMENT |
| Edition statement |
7th ed. |
| 260 ## - PUBLICATION, DISTRIBUTION, ETC. |
| Place of publication, distribution, etc. |
New York : |
| Name of publisher, distributor, etc. |
McGraw-Hill, |
| Date of publication, distribution, etc. |
c2002. |
| 300 ## - PHYSICAL DESCRIPTION |
| Extent |
xii, 852 p. : |
| Other physical details |
ill. ; |
| Dimensions |
23 cm. |
| 504 ## - BIBLIOGRAPHY, ETC. NOTE |
| Bibliography, etc. note |
Includes bibliographical references and index. |
| 533 ## - REPRODUCTION NOTE |
| Type of reproduction |
Electronic reproduction. |
| Place of reproduction |
Norwich, N.Y. : |
| Agency responsible for reproduction |
knovel Corporation, |
| Date of reproduction |
2002. |
| Note about reproduction |
System requirements: Adobe Acrobat Reader. |
| -- |
Available via the World Wide Web. |
| -- |
Access restricted to users at licensed institutions. |
| 534 ## - ORIGINAL VERSION NOTE |
| Main entry of original |
Originally published under title: Formulas for stress and strain. |
| 563 ## - BINDING INFORMATION |
| Binding note |
PB |
| 650 #0 - SUBJECT ADDED ENTRY--TOPICAL TERM |
| Topical term or geographic name entry element |
Strains and stresses |
| Form subdivision |
Tables. |
| 9 (RLIN) |
83590 |
| 650 #0 - SUBJECT ADDED ENTRY--TOPICAL TERM |
| Topical term or geographic name entry element |
Strength of materials |
| Form subdivision |
Tables. |
| 9 (RLIN) |
83591 |
| 655 #7 - INDEX TERM--GENRE/FORM |
| Genre/form data or focus term |
Electronic books. |
| Source of term |
local |
| 9 (RLIN) |
621 |
| 700 1# - ADDED ENTRY--PERSONAL NAME |
| Personal name |
Budynas, Richard G. |
| Fuller form of name |
(Richard Gordon) |
| 700 1# - ADDED ENTRY--PERSONAL NAME |
| Personal name |
Roark, Raymond J. |
| Fuller form of name |
(Raymond Jefferson), |
| Dates associated with a name |
1890-1966. |
| Title of a work |
Formulas for stress and strain. |
| 9 (RLIN) |
83592 |
| 710 2# - ADDED ENTRY--CORPORATE NAME |
| Corporate name or jurisdiction name as entry element |
Knovel (Firm) |
| 9 (RLIN) |
40981 |
| 776 1# - ADDITIONAL PHYSICAL FORM ENTRY |
| Qualifying information |
Original |
| International Standard Book Number |
007072542X |
| Record control number |
(DLC) 2001278787 |
| -- |
(OCoLC)43673663 |
| 856 40 - ELECTRONIC LOCATION AND ACCESS |
| Uniform Resource Identifier |
<a href="http://www.columbia.edu/cgi-bin/cul/resolve?clio3333823">http://www.columbia.edu/cgi-bin/cul/resolve?clio3333823</a> |
| Public note |
Click here for full text. |
| 942 ## - ADDED ENTRY ELEMENTS (KOHA) |
| Source of classification or shelving scheme |
|
| Koha item type |
Book |